Moral para una sociedad en crisis: desafíos, proyectos, respuestas

সংরক্ষণ করুন:
গ্রন্থ-পঞ্জীর বিবরন
প্রধান লেখক: Bennassar, Bartolomé (Author)
বিন্যাস: গ্রন্থ
ভাষা:স্প্যানিশ
প্রকাশিত: Salamanca Sígueme 1986
মালা:Nueva Alianza, 95
বিষয়গুলি:
ট্যাগগুলো: ট্যাগ যুক্ত করুন
কোনো ট্যাগ নেই, প্রথমজন হিসাবে ট্যাগ করুন!

MARC

LEADER 00000nam a2200000 a 4500
001 UCY0707
003 CL-VaPUC
008 940811e19860000SP |||||||||||||||||spa|d
020 |a 8430109846 
082 0 4 |a 241  |b BEN  |2 21 
100 |a Bennassar, Bartolomé  |e author  |9 313507 
245 1 0 |a Moral para una sociedad en crisis: desafíos, proyectos, respuestas 
300 |a 486 p 
942 |c BK 
945 |d 19940811 00:00:00  |a aalvarez 
260 |a Salamanca  |b Sígueme  |c 1986 
650 0 |a Ética cristiana   |9 308677 
650 0 |a Sociología cristiana  |9 257898 
583 |a last modification  |c 19940811 00:00:00  |k Rodrigo Vera 
490 0 |a Nueva Alianza, 95 
999 |c 229640  |d 229638 
952 |0 0  |1 0  |4 0  |6 241_000000000000000_BEN_1986  |7 0  |8 A  |9 231027  |a BIBTEO  |b BIBTEO  |d 2019-11-15  |i 3004538  |o 241 BEN 1986  |p 3004538  |r 2025-01-17  |w 2019-11-15  |y BK  |k ICR 
952 |0 0  |1 0  |4 0  |6 241_000000000000000_BEN_1986  |7 0  |8 A  |9 231028  |a BIBTEO  |b BIBTEO  |d 2019-11-15  |i 3311279  |o 241 BEN 1986  |p 3311279  |r 2025-01-17  |w 2019-11-15  |y BK  |k ICR